00513nam a2200145Ia 4500008004000000082001300040100002800053245003700081260005200118300001000170690002100180906001100201999001700212952013800229210210b1981 xxu||||| |||| 00| 0 eng d a320 JATP aJATKAR (S D) & Jayaram. aPolitical theory & institutions. aNDbSterling Publishiers Private Limited.c1981 av,205 aPolitical Theory a035582 c86378d86378 001040708Political ScienceaALbALcPolitical Scienced2021-02-17g50.00l0o320 JATPp035582r2021-02-17 00:00:00w2021-02-17yBK